Axis World War 2 - Statistics

General Stats
  • This quiz has been taken 136 times
    26 since last reset
  • The average score is 8 of 11
Answer Stats
Hint Answer % Correct
Major Germany
100%
Major Italy
100%
Major Japan
100%
Minor Romania
92%
Minor Hungary
80%
Minor Bulgaria
76%
Minor Finland
64%
Minor Thailand
64%
Minor Independent State of Croatia
56%
Minor Slovak Republic
52%
Minor Iraq
32%
No matching quizzes found
Score Distribution
Percent of People with Each Score
Percentile by Number Answered
Your Score History
You have not taken this quiz since the last reset